header

Increased biomass harvesting for bioenergy (Record no. 82305)

MARC details
000 -LEADER
fixed length control field 01146nam a2200277Ia 4500
100 1# - MAIN ENTRY--AUTHOR NAME
Personal name Berglund, Hakan.
245 10 - TITLE STATEMENT
Title Increased biomass harvesting for bioenergy
260 ## - PUBLICATION, DISTRIBUTION, ETC. (IMPRINT)
Place of publication Copenhagen :
Name of publisher Nordic Council of Ministers,
Year of publication 2009.
300 ## - PHYSICAL DESCRIPTION
Number of Pages 161 p.
650 #0 - SUBJECT ADDED ENTRY--TOPICAL TERM
Topical Term Biomass energy.
Topical Term Energy conversion.
700 1# - ADDED ENTRY--PERSONAL NAME
Personal name Framstad, Erik.
856 40 - ELECTRONIC LOCATION AND ACCESS
Uniform Resource Identifier http://site.ebrary.com/lib/rucke/Doc?id=10567935

No items available.

© 2026 Rongo University
Contact us: librarian | system librarian | Rongo university